000 00831nam a2200265 4500
001 0000015529
003 CO-CtgCURN
005 20250329164829.0
008 160627s1994 000 0 eng d
020 _a8447303233
040 _aCO-CtgCURN
_bspa
_ccoctgcurn
082 0 _a846
_bC545a
100 1 _aChoderlos de Laclos.
245 1 4 _aLas amistades peligrosas /
_cChoderlos de Laclos.
260 _aBarcelona :
_bRBA Editores,
_c1994.
300 _axxix, 384 p.
336 _2rdacontent
337 _2rdamedia
_asin mediacion
_bn
338 _2rdacarrier
_avolumen
_bnc
500 _aIncluye bibliografia \ Titulo original. Les liaisons dangereuses.
650 0 _aNovelas satíricas.
908 _a160627
942 _cBK
_h846
_iC545a
_2ddc
999 _c1783
_d1783
_x1